[Event "Mittelfr. EM 2026 - Hauptturnier"]
[Site "Nuernberg"]
[Date "2026.05.22"]
[Round "1.1"]
[White "Papst, Arthur"]
[Black "Ammon, Tobias"]
[Result "1/2-1/2"]
[WhiteElo "1932"]
[BlackElo "2207"]
[PlyCount "50"]
[EventDate "2026.05.22"]
[WhiteTeam "SK Nuernberg 1911 e.V."]
[BlackTeam "SV Altensittenbach"]

1. Nf3 Nf6 2. g3 g6 3. Bg2 Bg7 4. O-O O-O 5. c4 c6 6. d4 d5 7. a4 Bf5 8. a5
Bxb1 9. Rxb1 Qxa5 10. Ne5 dxc4 11. Qc2 Nbd7 12. Nxc4 Qd8 13. b4 Nd5 14. e4 N5b6
15. Na5 Bxd4 16. Nxb7 Qc7 17. Na5 Rac8 18. Bh6 Bg7 19. Bxg7 Kxg7 20. Rbc1 c5
21. Qb2+ Qe5 22. Qxe5+ Nxe5 23. Rxc5 Nd3 24. Rxc8 Rxc8 25. b5 Rc5 1/2-1/2

[Event "Mittelfr. EM 2026 - Hauptturnier"]
[Site "Nuernberg"]
[Date "2026.05.22"]
[Round "1.2"]
[White "Boehme, Markus"]
[Black "Himonakis, Michael"]
[Result "1-0"]
[WhiteElo "2163"]
[BlackElo "1930"]
[PlyCount "94"]
[EventDate "2026.05.22"]
[WhiteTeam "SC Uttenreuth e.V."]
[BlackTeam "SC Noris-Tarrasch Nuernberg 1873"]

1. Nf3 Nf6 2. g3 g6 3. Bg2 Bg7 4. O-O O-O 5. d4 d5 6. c4 c6 7. a4 a5 8. cxd5
cxd5 9. Qb3 Nc6 10. Bf4 Nb4 11. Rc1 Qb6 12. Na3 Bd7 13. Nc2 Rfc8 14. Ne5 Be8
15. Nd3 e6 16. Be5 Bd7 17. Nc5 Be8 18. Nxb4 axb4 19. e3 h5 20. h3 Kh7 21. Bf3
Ng8 22. Bxg7 Kxg7 23. Be2 Kh8 24. Bb5 Bxb5 25. Qxb4 Ra5 26. Nd7 Rxc1+ 27. Rxc1
Qa6 28. axb5 Qxb5 29. Qf8 Qxd7 30. Rc8 Qxc8 31. Qxc8 Kg7 32. Qxb7 Nf6 33. f3
Ra1+ 34. Kf2 g5 35. g4 hxg4 36. hxg4 Rh1 37. Qc7 Rb1 38. Qc2 Ra1 39. b4 Ra7 40.
b5 Ne8 41. Qc6 Ra2+ 42. Kg3 Nf6 43. b6 Rb2 44. b7 Ne8 45. Qc8 Nd6 46. b8=Q Rxb8
47. Qxb8 Ne4+ 1-0

[Event "Mittelfr. EM 2026 - Hauptturnier"]
[Site "Nuernberg"]
[Date "2026.05.22"]
[Round "1.3"]
[White "Koenig, Oliver"]
[Black "Saathoff, Richard"]
[Result "1/2-1/2"]
[WhiteElo "1881"]
[BlackElo "2131"]
[PlyCount "53"]
[EventDate "2026.05.22"]
[WhiteTeam "SGem 1882 Fuerth"]
[BlackTeam "SC Schwarz-Weiss Nuernberg Sued e.V"]

1. d4 Nf6 2. Nc3 d5 3. Bf4 Bf5 4. e3 e6 5. Nf3 a6 6. Ne5 Nbd7 7. g4 Bg6 8. h4
h6 9. Nxg6 fxg6 10. Bd3 Bd6 11. Bxd6 cxd6 12. Bxg6+ Ke7 13. Qe2 Qa5 14. O-O-O
b5 15. g5 Ne4 16. Bxe4 dxe4 17. d5 b4 18. dxe6 bxc3 19. exd7 Qb4 20. bxc3 Qxc3
21. Qg4 Qa3+ 22. Kd2 Qb4+ 23. Ke2 Qc4+ 24. Ke1 Qxc2 25. Kf1 Rhf8 26. Qe2 Qxe2+
27. Kxe2 1/2-1/2

[Event "Mittelfr. EM 2026 - Hauptturnier"]
[Site "Nuernberg"]
[Date "2026.05.22"]
[Round "1.4"]
[White "Ratushnyi, Viktor"]
[Black "Vennemann, Juergen"]
[Result "1-0"]
[WhiteElo "2111"]
[BlackElo "1863"]
[PlyCount "91"]
[EventDate "2026.05.22"]
[WhiteTeam "SC Schwarz-Weiss Nuernberg Sued e.V"]
[BlackTeam "SC Hersbruck"]

1. e4 d6 2. d4 Nf6 3. Nc3 e5 4. Nf3 Nbd7 5. Bc4 Be7 6. O-O c6 7. dxe5 Nxe5 8.
Nxe5 dxe5 9. Qe2 O-O 10. a4 a5 11. Rd1 Qc7 12. h3 b6 13. Rd3 Ba6 14. Bxa6 Rxa6
15. Rg3 Raa8 16. Bh6 Ne8 17. Qg4 Bf6 18. Rd1 Rd8 19. Rxd8 Qxd8 20. Rd3 Nd6 21.
Bxg7 Bxg7 22. Qd1 Qg5 23. Rxd6 Rc8 24. Ne2 Bf8 25. Rd3 Kh8 26. Ng3 Bc5 27. Nf5
h6 28. Qd2 Qxd2 29. Rxd2 Kh7 30. Kf1 b5 31. axb5 cxb5 32. Rd7 Kg6 33. Rb7 b4
34. b3 Bf8 35. Ne3 Ra8 36. Rb6+ f6 37. Nd5 a4 38. bxa4 Rxa4 39. Rxf6+ Kg7 40.
Rc6 b3 41. cxb3 Rxe4 42. Rc4 Rd4 43. Rxd4 exd4 44. Ke2 Kf7 45. Kd3 Bg7 46. Nf4
1-0

[Event "Mittelfr. EM 2026 - Hauptturnier"]
[Site "Nuernberg"]
[Date "2026.05.22"]
[Round "1.5"]
[White "Engel, David"]
[Black "Meulner, Fabian"]
[Result "1-0"]
[WhiteElo "1859"]
[BlackElo "2074"]
[PlyCount "67"]
[EventDate "2026.05.22"]
[WhiteTeam "Spvg Zabo-Eintracht Nuernberg e.V"]
[BlackTeam "SC JAeKLECHEMIE Talente Franken e"]

1. e4 e5 2. Nf3 Nc6 3. Bc4 Nf6 4. Ng5 d5 5. exd5 Na5 6. Bb5+ c6 7. dxc6 bxc6 8.
Bd3 Nd5 9. Nf3 Bd6 10. O-O O-O 11. Re1 Re8 12. Nc3 f5 13. Nxd5 cxd5 14. Bb5 Bd7
15. Bxd7 Qxd7 16. d3 Nc6 17. c4 d4 18. Ng5 h6 19. Nh3 e4 20. Bf4 g5 21. Qh5
Bxf4 22. Nxf4 gxf4 23. Qg6+ Qg7 24. Qxc6 f3 25. g3 Qg4 26. Qxh6 e3 27. fxe3
dxe3 28. Rxe3 Qd4 29. Rae1 f2+ 30. Kxf2 f4 31. gxf4 Rxe3 32. Rxe3 Qxb2+ 33. Kf3
Qb7+ 34. Kg3 1-0

[Event "Mittelfr. EM 2026 - Hauptturnier"]
[Site "Nuernberg"]
[Date "2026.05.22"]
[Round "1.6"]
[White "Rosenboom, Niko"]
[Black "Civas, Ege Noyan"]
[Result "1-0"]
[WhiteElo "2045"]
[BlackElo "1853"]
[PlyCount "155"]
[EventDate "2026.05.22"]
[WhiteTeam "SGem 1882 Fuerth"]
[BlackTeam "SC Schwarz-Weiss Nuernberg Sued e.V"]

1. e4 c6 2. d4 d5 3. exd5 cxd5 4. Bd3 Nc6 5. c3 Nf6 6. h3 e5 7. dxe5 Nxe5 8.
Nf3 Nxd3+ 9. Qxd3 Be7 10. O-O O-O 11. Be3 Be6 12. Nbd2 Qc7 13. Rfe1 Rfe8 14.
Bd4 h6 15. Rad1 b6 16. Be5 Qb7 17. Nd4 Nd7 18. Bf4 Bf6 19. Qg3 Kh7 20. N2f3 Nc5
21. Nxe6 fxe6 22. Ne5 Bxe5 23. Bxe5 Ne4 24. Qd3 Kg8 25. c4 Qf7 26. f3 Nc5 27.
Qc3 a5 28. Rd4 Kh7 29. Rf4 Qa7 30. Rg4 Re7 31. Qc2+ Kg8 32. Bd6 Rd7 33. Bxc5
bxc5 34. Rxe6 d4 35. Qe4 Qb7 36. Re8+ Rxe8 37. Qxe8+ Kh7 38. Qg6+ Kh8 39. Re4
Rd8 40. Re8+ Rxe8 41. Qxe8+ Kh7 42. Qe2 Qb4 43. Kf2 a4 44. Qc2+ Kh8 45. Ke2 Qb6
46. Kd1 d3 47. Qxd3 Qxb2 48. Qd8+ Kh7 49. Qd2 Qa1+ 50. Ke2 Qg1 51. Qc2+ Kh8 52.
Qxa4 Qxg2+ 53. Ke3 Qg1+ 54. Kd3 Qf1+ 55. Ke4 Qe2+ 56. Kd5 Qxf3+ 57. Kxc5 Qxh3
58. Qe8+ Kh7 59. a4 Qa3+ 60. Kb6 Qd6+ 61. Qc6 Qb8+ 62. Kc5 Qe5+ 63. Qd5 Qc7+
64. Kb4 Qb6+ 65. Kc3 Qf6+ 66. Qd4 Qc6 67. c5 h5 68. Qd3+ Kh8 69. Qb5 Qf6+ 70.
Kb4 Qd4+ 71. Qc4 Qb2+ 72. Ka5 Qd2+ 73. Ka6 Qh6+ 74. c6 h4 75. Kb7 Qf6 76. c7
Qf3+ 77. Qc6 Qf7 78. Ka8 1-0

[Event "Mittelfr. EM 2026 - Hauptturnier"]
[Site "Nuernberg"]
[Date "2026.05.22"]
[Round "1.7"]
[White "Atal, Parsa"]
[Black "Heller, Benedikt"]
[Result "1-0"]
[WhiteElo "1837"]
[BlackElo "2039"]
[PlyCount "79"]
[EventDate "2026.05.22"]
[WhiteTeam "SC Noris-Tarrasch Nuernberg 1873"]
[BlackTeam "SC Bechhofen 1923 e.V."]

1. e4 c5 2. Nf3 Nc6 3. Bb5 g6 4. O-O Bg7 5. d3 Nf6 6. Bxc6 dxc6 7. Qe2 Bg4 8.
Nc3 Nd7 9. h3 Bxf3 10. Qxf3 Nf8 11. Qe2 e5 12. f4 exf4 13. Bxf4 Ne6 14. Be3 O-O
15. Qf2 Nd4 16. Qd2 Qd7 17. Rab1 Rae8 18. Ne2 f5 19. Bxd4 cxd4 20. exf5 Rxf5
21. Rxf5 Qxf5 22. Ng3 Qe6 23. b3 Be5 24. Ne4 Rf8 25. Qe2 Qf5 26. g4 Qe6 27. Rf1
Bf4 28. Kg2 Qd5 29. Rf3 a5 30. Qf1 g5 31. h4 Qe6 32. Kh3 h5 33. Qg2 Qh6 34.
gxh5 Qxh5 35. Nxg5 Kh8 36. Qg4 Qxg4+ 37. Kxg4 Bd6 38. Rxf8+ Bxf8 39. Ne6 Be7
40. Nxd4 1-0

[Event "Mittelfr. EM 2026 - Hauptturnier"]
[Site "Nuernberg"]
[Date "2026.05.22"]
[Round "1.8"]
[White "Link, Andreas"]
[Black "Levent, Abdullah"]
[Result "1/2-1/2"]
[WhiteElo "2036"]
[BlackElo "1836"]
[PlyCount "99"]
[EventDate "2026.05.22"]
[WhiteTeam "Spvg Zabo-Eintracht Nuernberg e.V"]
[BlackTeam "SC Noris-Tarrasch Nuernberg 1873"]

1. e4 c6 2. d4 d5 3. exd5 cxd5 4. c4 e6 5. Nc3 Nf6 6. Nf3 Nc6 7. Bd3 dxc4 8.
Bxc4 Be7 9. O-O O-O 10. Re1 a6 11. Bg5 h6 12. Bh4 Qb6 13. d5 Na5 14. Bd3 Qxb2
15. Rc1 Bb4 16. Re2 Qxc3 17. Rxc3 Bxc3 18. Bxf6 Bxf6 19. Qa4 b6 20. d6 Bb7 21.
Be4 Rfd8 22. Rd2 Bc3 23. Bxb7 Nxb7 24. Rd1 b5 25. Qe4 Na5 26. d7 Bf6 27. g3 Nc4
28. Qb7 Kf8 29. Nd4 Bxd4 30. Rxd4 Ke7 31. Qc7 f6 32. Qc5+ Kf7 33. f4 g6 34. Kf2
Rab8 35. Qc7 Ke7 36. Qc6 Rb6 37. Qe4 f5 38. Qd3 Nd6 39. Qa3 Rxd7 40. Qc5 Rbb7
41. Kf3 Rbc7 42. Qe5 Nf7 43. Rxd7+ Rxd7 44. Qc5+ Rd6 45. Ke3 Kf6 46. Qa7 g5 47.
Qc5 g4 48. Qc3+ Ke7 49. Qc5 Kf6 50. Qc3+ 1/2-1/2

[Event "Mittelfr. EM 2026 - Hauptturnier"]
[Site "Nuernberg"]
[Date "2026.05.22"]
[Round "1.9"]
[White "Assem Gawdat Azmy, Mostafa"]
[Black "Erlbeck, Peter"]
[Result "0-1"]
[WhiteElo "1799"]
[BlackElo "1994"]
[PlyCount "88"]
[EventDate "2026.05.22"]
[WhiteTeam "SC Erlangen 48/88"]
[BlackTeam "SC Schwarz-Weiss Nuernberg Sued e.V"]

1. e4 c5 2. Nf3 Nc6 3. d4 cxd4 4. Nxd4 Nf6 5. Nc3 e6 6. a3 Be7 7. Be3 O-O 8.
Be2 d5 9. f3 e5 10. Nxc6 bxc6 11. Bf2 d4 12. Na4 c5 13. O-O Bd7 14. c3 Qa5 15.
Nxc5 Qxc5 16. cxd4 exd4 17. Bxd4 Qc7 18. Rc1 Qb7 19. e5 Nd5 20. f4 Bb5 21. Bxb5
Qxb5 22. f5 f6 23. Qf3 fxe5 24. Bxe5 Bf6 25. a4 Qb6+ 26. Kh1 Rad8 27. Bxf6 Nxf6
28. Qe2 Rfe8 29. Qc4+ Kh8 30. b3 Ne4 31. Qc2 h6 32. Rf4 Qe3 33. Rf3 Qd4 34. h3
Rc8 35. Qb1 Nf2+ 36. Kh2 Qd6+ 37. Kg1 Rxc1+ 38. Qxc1 Nd3 39. Qc3 Re1+ 40. Rf1
Qb6+ 41. Kh2 Rxf1 42. Qxd3 Qg1+ 43. Kg3 Qf2+ 44. Kh2 Qf4+ 0-1

[Event "Mittelfr. EM 2026 - Hauptturnier"]
[Site "Nuernberg"]
[Date "2026.05.22"]
[Round "1.10"]
[White "Lemba, Albert"]
[Black "Mueller, Tim"]
[Result "1-0"]
[WhiteElo "1980"]
[BlackElo "1754"]
[PlyCount "87"]
[EventDate "2026.05.22"]
[WhiteTeam "SC Noris-Tarrasch Nuernberg 1873"]
[BlackTeam "SC Noris-Tarrasch Nuernberg 1873"]

1. e4 e5 2. d4 exd4 3. Qxd4 Nc6 4. Qe3 Nf6 5. Nc3 Bb4 6. Bd2 O-O 7. O-O-O Re8
8. Bc4 Bxc3 9. Bxc3 Nxe4 10. Qf4 Re7 11. Bxf7+ Rxf7 12. Qxe4 Qg5+ 13. Kb1 Qf5
14. Qxf5 Rxf5 15. f3 d6 16. Ne2 Bd7 17. h4 Re8 18. Ng3 Rf7 19. h5 h6 20. b3 Ne7
21. Kb2 Nf5 22. Nxf5 Bxf5 23. Rd2 Bh7 24. Rh4 Bf5 25. a4 Ree7 26. b4 a6 27. b5
axb5 28. axb5 Bd7 29. b6 cxb6 30. Rxd6 b5 31. Rhd4 Bf5 32. g4 Bd7 33. Bb4 Kh7
34. Rb6 Re3 35. Rxb7 Be6 36. Rxb5 Rexf3 37. Rb8 g6 38. Rdd8 Rc7 39. Rh8+ Kg7
40. Bd6 Rc4 41. Be5+ Rf6 42. g5 hxg5 43. h6+ Kf7 44. Rh7# 1-0

[Event "Mittelfr. EM 2026 - Hauptturnier"]
[Site "Nuernberg"]
[Date "2026.05.22"]
[Round "1.11"]
[White "Dachs, Simon"]
[Black "Meulner, Klaus"]
[Result "0-1"]
[WhiteElo "1707"]
[BlackElo "1966"]
[PlyCount "136"]
[EventDate "2026.05.22"]
[WhiteTeam "SC Hersbruck"]
[BlackTeam "SC Schwarz-Weiss Nuernberg Sued e.V"]

1. e4 c5 2. c3 Nf6 3. e5 Nd5 4. d4 cxd4 5. cxd4 e6 6. Nc3 Nxc3 7. bxc3 Qc7 8.
Bd2 b6 9. Nf3 Bb7 10. Bd3 d6 11. O-O Nd7 12. exd6 Bxd6 13. Re1 O-O 14. Be4 Rac8
15. Qb3 Nf6 16. Bxb7 Qxb7 17. c4 Qa6 18. Rac1 Rfd8 19. Be3 Rc7 20. c5 Be7 21.
cxb6 Rxc1 22. Rxc1 axb6 23. Ne5 Ra8 24. a4 Nd5 25. Nc6 Bd6 26. Ne5 h6 27. Nc4
Bb4 28. Nb2 Qe2 29. h3 Nxe3 30. Qxb4 Nd5 31. Qb3 Qd2 32. Rd1 Qc3 33. Qxc3 Nxc3
34. Ra1 Ne2+ 35. Kf1 Nxd4 36. Rd1 Nb3 37. Rd6 Nc5 38. Rxb6 Nxa4 39. Nxa4 Rxa4
40. Rb8+ Kh7 41. Rb7 Kg6 42. g3 h5 43. Kg2 e5 44. Kf3 h4 45. gxh4 Rxh4 46. Kg3
Ra4 47. f3 Ra3 48. Rb4 f5 49. Rb6+ Kh5 50. Rb5 f4+ 51. Kg2 Re3 52. Rb7 Kg6 53.
Rb6+ Kf5 54. h4 Re2+ 55. Kg1 g6 56. Rb8 Kf6 57. Rb6+ Kg7 58. Rb7+ Kh6 59. Rb8
e4 60. Rb4 Kh5 61. Kf1 Re3 62. Rxe4 Rxe4 63. fxe4 Kxh4 64. Kf2 g5 65. e5 Kh5
66. e6 Kg6 67. e7 Kf7 68. e8=N Kxe8 0-1

[Event "Mittelfr. EM 2026 - Hauptturnier"]
[Site "Nuernberg"]
[Date "2026.05.23"]
[Round "2.1"]
[White "Lemba, Albert"]
[Black "Boehme, Markus"]
[Result "0-1"]
[WhiteElo "1980"]
[BlackElo "2163"]
[PlyCount "102"]
[EventDate "2026.05.22"]
[WhiteTeam "SC Noris-Tarrasch Nuernberg 1873"]
[BlackTeam "SC Uttenreuth e.V."]

1. e4 e5 2. d4 exd4 3. Qxd4 Nc6 4. Qe3 Nf6 5. Bd2 Be7 6. Nc3 d5 7. exd5 Nxd5 8.
Nxd5 Qxd5 9. Ne2 O-O 10. Nc3 Qe5 11. O-O-O Be6 12. Bd3 Qxe3 13. Bxe3 Ne5 14.
Be4 c6 15. f4 Ng4 16. Bd4 Nf6 17. Bf3 Rfd8 18. Rhe1 Bb4 19. a3 Ba5 20. b4 Bb6
21. Bxb6 axb6 22. Kb2 Kf8 23. h3 b5 24. g4 h6 25. f5 Bc4 26. h4 Nd7 27. g5 f6
28. gxh6 gxh6 29. Bh5 Ne5 30. Ne4 Rxd1 31. Rxd1 Ke7 32. Nc5 b6 33. Nd3 Bxd3 34.
cxd3 Rg8 35. Re1 Kd6 36. Re3 c5 37. Kc3 Kd5 38. Bd1 Ra8 39. Kb2 Kd4 40. Re4+
Kxd3 41. Bc2+ Kd2 42. bxc5 bxc5 43. a4 bxa4 44. Bxa4 Rb8+ 45. Ka2 c4 46. Rd4+
Kc3 47. Rd5 Ra8 48. Ka3 Nd3 49. Rb5 Nb2 50. Rb3+ cxb3 51. h5 Rxa4# 0-1

[Event "Mittelfr. EM 2026 - Hauptturnier"]
[Site "Nuernberg"]
[Date "2026.05.23"]
[Round "2.2"]
[White "Meulner, Klaus"]
[Black "Ratushnyi, Viktor"]
[Result "1/2-1/2"]
[WhiteElo "1966"]
[BlackElo "2111"]
[PlyCount "115"]
[EventDate "2026.05.22"]
[WhiteTeam "SC Schwarz-Weiss Nuernberg Sued e.V"]
[BlackTeam "SC Schwarz-Weiss Nuernberg Sued e.V"]

1. e4 e5 2. Nc3 Nc6 3. Bc4 Nf6 4. d3 Na5 5. Bb3 Nxb3 6. axb3 d5 7. exd5 Nxd5 8.
Qh5 Nxc3 9. Qxe5+ Be7 10. bxc3 O-O 11. Ne2 Re8 12. Be3 Bg4 13. Qd4 Qc8 14. Ra4
Bxe2 15. Kxe2 b5 16. Ra2 Bf6 17. Qf4 Bxc3 18. Rd1 c5 19. Kf1 Qc6 20. Bd2 Qe6
21. Be3 Qc6 22. Bd2 Be5 23. Qh4 Bf6 24. Qg3 g6 25. Qf3 Qd6 26. Bf4 Qe6 27. Bd2
Qd6 28. Bf4 Qb6 29. g3 Bd4 30. Bd2 a5 31. c3 Bg7 32. Re1 Rxe1+ 33. Bxe1 Re8 34.
c4 a4 35. Re2 Rxe2 36. Qxe2 axb3 37. Qe8+ Bf8 38. Bc3 b4 39. Bb2 Qd6 40. Qe2
Bg7 41. Bxg7 Kxg7 42. Qb2+ f6 43. Qxb3 Qa6 44. Ke2 Qa3 45. Qb1 b3 46. Kd1 Kf7
47. Kd2 Qb4+ 48. Ke2 Qc3 49. Qh1 Kg7 50. Qb7+ Kh6 51. Qe7 b2 52. Qf8+ Kh5 53.
Qg7 Qc2+ 54. Ke3 Qc1+ 55. Ke2 Qc2+ 56. Ke3 Qc1+ 57. Ke2 Qc2+ 58. Ke3 1/2-1/2

[Event "Mittelfr. EM 2026 - Hauptturnier"]
[Site "Nuernberg"]
[Date "2026.05.23"]
[Round "2.3"]
[White "Mitin, Maximilian"]
[Black "Rosenboom, Niko"]
[Result "0-1"]
[WhiteElo "1698"]
[BlackElo "2045"]
[PlyCount "52"]
[EventDate "2026.05.22"]
[WhiteTeam "SG Buechenbach/Roth e.V."]
[BlackTeam "SGem 1882 Fuerth"]

1. e4 c5 2. Nf3 d6 3. c3 Nf6 4. Be2 e6 5. O-O Be7 6. d3 O-O 7. Be3 Nc6 8. Nbd2
b6 9. Rc1 Bb7 10. d4 Rc8 11. a3 a6 12. dxc5 dxc5 13. Qc2 Qc7 14. Rfd1 Ng4 15.
Nf1 Nxe3 16. Nxe3 Rfd8 17. Rxd8+ Rxd8 18. Rd1 b5 19. Rxd8+ Bxd8 20. h4 Be7 21.
g3 Ne5 22. Nd2 c4 23. f4 Bc5 24. Kf2 Nd7 25. Nf3 Nf6 26. Qc1 Ng4+ 0-1

[Event "Mittelfr. EM 2026 - Hauptturnier"]
[Site "Nuernberg"]
[Date "2026.05.23"]
[Round "2.4"]
[White "Erlbeck, Peter"]
[Black "Engel, David"]
[Result "1-0"]
[WhiteElo "1994"]
[BlackElo "1859"]
[PlyCount "89"]
[EventDate "2026.05.22"]
[WhiteTeam "SC Schwarz-Weiss Nuernberg Sued e.V"]
[BlackTeam "Spvg Zabo-Eintracht Nuernberg e.V"]

1. e4 c5 2. Nc3 Nc6 3. f4 g6 4. Nf3 Bg7 5. Bc4 e6 6. f5 Nge7 7. fxe6 fxe6 8. d3
d5 9. Bb3 Bxc3+ 10. bxc3 dxe4 11. Ng5 exd3 12. O-O Qb6 13. Kh1 Bd7 14. Nf7 Rg8
15. Nd6+ Kd8 16. Nf7+ Ke8 17. Nd6+ Kd8 18. Nc4 Qa6 19. cxd3 b5 20. Nd6 Kc7 21.
Ne4 Nd5 22. Nxc5 Qb6 23. Nxd7 Kxd7 24. Bxd5 exd5 25. Qg4+ Ke8 26. Bh6 Ne7 27.
Rae1 Qd6 28. Re6 Qd7 29. Rfe1 Kf7 30. Rxe7+ Qxe7 31. Rxe7+ Kxe7 32. Bg5+ Kd6
33. Qf4+ Kc6 34. Qf6+ Kd7 35. Qe7+ Kc6 36. Qe6+ Kc7 37. Bf4+ Kb7 38. Qxd5+ Kb6
39. c4 bxc4 40. dxc4 a6 41. c5+ Kb5 42. c6+ Kb6 43. Be3+ Kc7 44. Qd7+ Kb8 45.
Qb7# 1-0

[Event "Mittelfr. EM 2026 - Hauptturnier"]
[Site "Nuernberg"]
[Date "2026.05.23"]
[Round "2.5"]
[White "Ammon, Tobias"]
[Black "Atal, Parsa"]
[Result "1-0"]
[WhiteElo "2207"]
[BlackElo "1837"]
[PlyCount "161"]
[EventDate "2026.05.22"]
[WhiteTeam "SV Altensittenbach"]
[BlackTeam "SC Noris-Tarrasch Nuernberg 1873"]

1. c4 e6 2. Nf3 d5 3. g3 Nf6 4. Bg2 Be7 5. O-O O-O 6. d4 dxc4 7. Qc2 a6 8. Qxc4
b5 9. Qc2 Bb7 10. Bf4 Bd6 11. Nbd2 Bxf4 12. gxf4 Nbd7 13. a3 Rc8 14. b4 Nb6 15.
e3 Bd5 16. Rfc1 g6 17. Ne5 Bxg2 18. Kxg2 Nfd5 19. Qd1 Ne7 20. Nc6 Nxc6 21. Rxc6
Ra8 22. Rac1 a5 23. Rxc7 axb4 24. axb4 Nd5 25. R7c5 Qb6 26. Rb1 Ra4 27. Ne4 Kg7
28. Nc3 Nxc3 29. Rxc3 Qb7+ 30. Qf3 Qxf3+ 31. Kxf3 Rd8 32. Rc5 Rd5 33. Rxd5 exd5
34. Rc1 Rxb4 35. Rc5 Rb1 36. Rxd5 b4 37. Rb5 f5 38. Rb7+ Kg8 39. h4 h5 40. d5
Rd1 41. Rb5 Rd2 42. Rxb4 Rxd5 43. Rb7 Rd2 44. Kg2 Ra2 45. Rd7 Kf8 46. Kg3 Ra3
47. Rd2 Ra1 48. Re2 Kf7 49. Kg2 Kf6 50. f3 Ra3 51. e4 Ra4 52. e5+ Ke6 53. Kg3
Ra3 54. Rb2 Ra6 55. Rb7 Kd5 56. Rd7+ Ke6 57. Rg7 Kd5 58. Rf7 Rb6 59. Ra7 Ke6
60. Rg7 Kd5 61. Rd7+ Ke6 62. Rd4 Rb2 63. Ra4 Re2 64. Ra7 Re1 65. Rg7 Kd5 66.
Kf2 Rh1 67. Rxg6 Rxh4 68. Rd6+ Kc5 69. Kg3 Rh1 70. Rf6 Kd4 71. Rxf5 Ke3 72. Kg2
Re1 73. e6 Re2+ 74. Kg3 h4+ 75. Kxh4 Kxf3 76. Re5 Rb2 77. Kg5 Rg2+ 78. Kf5 Rg8
79. e7 Re8 80. Re6 Kg3 81. Kf6 1-0

[Event "Mittelfr. EM 2026 - Hauptturnier"]
[Site "Nuernberg"]
[Date "2026.05.23"]
[Round "2.6"]
[White "Saathoff, Richard"]
[Black "Link, Andreas"]
[Result "1-0"]
[WhiteElo "2131"]
[BlackElo "2036"]
[PlyCount "43"]
[EventDate "2026.05.22"]
[WhiteTeam "SC Schwarz-Weiss Nuernberg Sued e.V"]
[BlackTeam "Spvg Zabo-Eintracht Nuernberg e.V"]

1. e4 d5 2. exd5 Nf6 3. Bb5+ Bd7 4. Be2 Nxd5 5. d4 g6 6. Nf3 Bg7 7. O-O O-O 8.
c3 Bg4 9. h3 Bxf3 10. Bxf3 c6 11. Qb3 Nb6 12. a4 a5 13. Be3 N8d7 14. Rd1 Qc7
15. Nd2 e5 16. dxe5 Bxe5 17. Ne4 Nd5 18. Nc5 N7f6 19. Bg5 Rab8 20. Nd3 Rfe8 21.
c4 Nf4 22. Nxf4 1-0

[Event "Mittelfr. EM 2026 - Hauptturnier"]
[Site "Nuernberg"]
[Date "2026.05.23"]
[Round "2.7"]
[White "Levent, Abdullah"]
[Black "Papst, Arthur"]
[Result "1-0"]
[WhiteElo "1836"]
[BlackElo "1932"]
[PlyCount "128"]
[EventDate "2026.05.22"]
[WhiteTeam "SC Noris-Tarrasch Nuernberg 1873"]
[BlackTeam "SK Nuernberg 1911 e.V."]

1. e4 c5 2. Nf3 d6 3. d4 cxd4 4. Nxd4 Nf6 5. Nc3 a6 6. f3 e5 7. Nb3 Be6 8. Bg5
Nbd7 9. Qd2 Be7 10. O-O-O O-O 11. h4 b5 12. g4 b4 13. Nd5 Bxd5 14. exd5 a5 15.
Kb1 a4 16. Nc1 Ra5 17. Qxb4 Qc7 18. Bd2 Rxd5 19. g5 Rb8 20. Qxa4 Nh5 21. Bd3
Rd4 22. Qa5 Qb7 23. Bc3 Rd5 24. Qxd5 Qxd5 25. Bxh7+ Kxh7 26. Rxd5 Nf4 27. Ra5
Rb7 28. Ra8 Nc5 29. b3 Kg6 30. Bd2 Nce6 31. Nd3 Nxd3 32. cxd3 Kf5 33. Kb2 d5
34. Ra5 Nc5 35. Kb1 d4 36. f4 f6 37. gxf6 gxf6 38. h5 Bd6 39. h6 Rh7 40. fxe5
fxe5 41. Kc2 Ke6 42. b4 Nd7 43. Ra7 Bf8 44. a4 Kd5 45. Rxd7+ Rxd7 46. h7 Bg7
47. h8=Q Bxh8 48. Rxh8 Rg7 49. Rc8 Rg1 50. b5 e4 51. dxe4+ Kxe4 52. a5 d3+ 53.
Kc3 Rb1 54. b6 Rb5 55. Re8+ Kd5 56. Kxd3 Kc6 57. Rc8+ Kb7 58. Rc7+ Ka8 59. Kc4
Rb2 60. Bf4 Kb8 61. Be5 Rb1 62. Kd5 Rd1+ 63. Ke6 Rd8 64. Ra7+ Kc8 1-0

[Event "Mittelfr. EM 2026 - Hauptturnier"]
[Site "Nuernberg"]
[Date "2026.05.23"]
[Round "2.8"]
[White "Meulner, Fabian"]
[Black "Koenig, Oliver"]
[Result "0-1"]
[WhiteElo "2074"]
[BlackElo "1881"]
[PlyCount "46"]
[EventDate "2026.05.22"]
[WhiteTeam "SC JAeKLECHEMIE Talente Franken e"]
[BlackTeam "SGem 1882 Fuerth"]

1. e4 Nc6 2. d4 e5 3. Nf3 exd4 4. Nxd4 Bc5 5. Nb3 Bb6 6. Qe2 Nge7 7. Nc3 d6 8.
Be3 O-O 9. O-O-O f5 10. exf5 Nxf5 11. Bxb6 axb6 12. Kb1 Kh8 13. Qd2 Be6 14. h3
Bg8 15. g4 Nfe7 16. f4 Na5 17. f5 Nec6 18. Bd3 Qb8 19. g5 Nb4 20. f6 g6 21. f7
Bxf7 22. Bxg6 Nxb3 23. cxb3 Bxg6+ 0-1

[Event "Mittelfr. EM 2026 - Hauptturnier"]
[Site "Nuernberg"]
[Date "2026.05.23"]
[Round "2.9"]
[White "Heller, Benedikt"]
[Black "Civas, Ege Noyan"]
[Result "1-0"]
[WhiteElo "2039"]
[BlackElo "1853"]
[PlyCount "61"]
[EventDate "2026.05.22"]
[WhiteTeam "SC Bechhofen 1923 e.V."]
[BlackTeam "SC Schwarz-Weiss Nuernberg Sued e.V"]

1. e4 c6 2. d4 d5 3. exd5 cxd5 4. Bd3 Nc6 5. c3 Nf6 6. h3 e5 7. dxe5 Nxe5 8.
Bc2 Bc5 9. Ne2 O-O 10. O-O Be6 11. Bf4 Ng6 12. Bh2 Ne4 13. Nd2 Nxd2 14. Qxd2
Qf6 15. Qd3 Rfd8 16. Rad1 Nf8 17. Nd4 g6 18. Rfe1 Nd7 19. Bb3 Bb6 20. Nxe6 fxe6
21. Rxe6 Qxf2+ 22. Kh1 Nc5 23. Rxg6+ hxg6 24. Qxg6+ Kf8 25. Bxd5 Rxd5 26. Rxd5
Qe1+ 27. Bg1 Ne6 28. Rf5+ Ke7 29. Rf7+ Kd6 30. Qd3+ Ke5 31. Rf5# 1-0

[Event "Mittelfr. EM 2026 - Hauptturnier"]
[Site "Nuernberg"]
[Date "2026.05.23"]
[Round "2.10"]
[White "Himonakis, Michael"]
[Black "Assem Gawdat Azmy, Mostafa"]
[Result "1-0"]
[WhiteElo "1930"]
[BlackElo "1799"]
[PlyCount "87"]
[EventDate "2026.05.22"]
[WhiteTeam "SC Noris-Tarrasch Nuernberg 1873"]
[BlackTeam "SC Erlangen 48/88"]

1. e4 c5 2. Nf3 d6 3. d4 cxd4 4. Nxd4 Nf6 5. f3 g6 6. c4 Bg7 7. Be3 Nc6 8. Qd2
Bd7 9. Nc2 Nxe4 10. fxe4 Bxb2 11. Nba3 Bxa1 12. Nxa1 Qa5 13. Nb5 Qxd2+ 14. Kxd2
Rc8 15. Bd3 a6 16. Na3 Ne5 17. Nb3 O-O 18. Bd4 Be6 19. Bxe5 dxe5 20. Rc1 Rc7
21. c5 Rfc8 22. Nc4 Bxc4 23. Bxc4 b5 24. cxb6 Rxc4 25. Rxc4 Rxc4 26. b7 Rb4 27.
Na5 f5 28. a3 Rb6 29. Kd3 Kf7 30. Nc6 Rb3+ 31. Ke2 Ke6 32. Nb4 a5 33. b8=Q Rxa3
34. Nc6 Ra2+ 35. Kd1 Kf6 36. Qxe5+ Kg5 37. Qxe7+ Kf4 38. Qe5+ Kg5 39. exf5 gxf5
40. Nxa5 h5 41. g3 Kg4 42. Nc4 Rxh2 43. Ne3+ Kf3 44. Qf4# 1-0

[Event "Mittelfr. EM 2026 - Hauptturnier"]
[Site "Nuernberg"]
[Date "2026.05.23"]
[Round "2.11"]
[White "Vennemann, Juergen"]
[Black "Dachs, Simon"]
[Result "0-1"]
[WhiteElo "1863"]
[BlackElo "1707"]
[PlyCount "58"]
[EventDate "2026.05.22"]
[WhiteTeam "SC Hersbruck"]
[BlackTeam "SC Hersbruck"]

1. d4 e6 2. c4 Bb4+ 3. Nc3 b6 4. a3 Bxc3+ 5. bxc3 Bb7 6. e3 f5 7. f3 Nf6 8. g3
O-O 9. Bg2 d6 10. Ne2 Nbd7 11. O-O Qe7 12. a4 a5 13. Qd3 Ba6 14. e4 fxe4 15.
fxe4 e5 16. h3 Rac8 17. g4 exd4 18. Nxd4 Nc5 19. Qe3 Nfxe4 20. Nf5 Qe5 21. Qf3
Bxc4 22. Bf4 Qxc3 23. Be3 Bxf1 24. Rxf1 Qe5 25. Bf4 Rxf5 26. gxf5 Qxf5 27. Qe2
Qe6 28. Qd1 Nc3 29. Qd4 Ne2+ 0-1

[Event "Mittelfr. EM 2026 - Hauptturnier"]
[Site "Nuernberg"]
[Date "2026.05.23"]
[Round "3.1"]
[White "Boehme, Markus"]
[Black "Erlbeck, Peter"]
[Result "1-0"]
[WhiteElo "2163"]
[BlackElo "1994"]
[PlyCount "83"]
[EventDate "2026.05.22"]
[WhiteTeam "SC Uttenreuth e.V."]
[BlackTeam "SC Schwarz-Weiss Nuernberg Sued e.V"]

1. d4 f5 2. Nf3 Nf6 3. c4 d6 4. Nc3 g6 5. e3 Bg7 6. b4 O-O 7. Bb2 a5 8. b5 c6
9. a4 Qe8 10. Be2 h6 11. Qc2 Nbd7 12. bxc6 bxc6 13. O-O Rb8 14. Rab1 Ba6 15. e4
fxe4 16. Nxe4 Nh5 17. g3 Qf7 18. Nh4 g5 19. Ng2 Nhf6 20. Nxf6+ exf6 21. Ba3 c5
22. Rxb8 Rxb8 23. Ne3 cxd4 24. Nf5 Ne5 25. Bxd6 d3 26. Bxd3 Nf3+ 27. Kg2 Bb7
28. Be4 Re8 29. Ne7+ Rxe7 30. Bxb7 Rxb7 31. Kxf3 f5 32. Kg2 Rb2 33. Qd3 f4 34.
Qe4 fxg3 35. Bxg3 Ra2 36. c5 Rd2 37. Qf3 Qd7 38. Re1 g4 39. Qa8+ Kh7 40. Qe4+
Kg8 41. Rb1 Bb2 42. Bf4 1-0